Villes de France en images par lettre - E - Statistiques

Statistiques générales
  • Ce quiz a été pris 162 fois
  • Le résultat moyen est 5 sur 9
Statistiques - réponses
Par images Hint Réponse % Correct
Normandie Étretat
92%
Île-de-France Évry-Courcouronnes
71%
Normandie Évreux
67%
Nouvelle-Aquitaine Espelette
53%
Auvergne-Rhône-Alpes Évian-les-Bains
46%
Grand-Est Épinal
43%
Auvergne-Rhône-Alpes Échirolles
36%
Île-de-France Épinay-sur-Seine
25%
Grand-Est Épernay
23%
Aucun quiz correspondant
Distribution des résultats
% des personnes avec chaque résultat
Percentile par nombre de réponses
Votre historique - résultats
Vous n’avez pas pris ce quiz